000 00413nam a22001691a 4500
020 _a8186863003
082 _aS 294.592 18
_bHEM/S
100 _aHemraj Shastry
245 _aSankshiptashankari/
_cby Hemraj Shastry
260 _aNew Delhi:
_bGirish Chandra Sastri,
_c1998.
300 _a430p.
650 _aUpanishads
650 _aVedic Literature
650 _aHinduism
650 _aReligion
942 _cBK
999 _c40343
_d40343